Lézergenerált korom-aeroszolok fotoakusztikus vizsgálata

Elmentve itt :
Bibliográfiai részletek
Szerzők: Utry Noémi
Ajtai Tibor
Smausz Tomi
Kecskeméti Gabriella
Tápai Csaba
Pintér Máté
Hopp Béla
Bozóki Zoltán
Dokumentumtípus: Cikk
Megjelent: 2014
Sorozat:FIZIKAI SZEMLE 64 No. 7-8
mtmt:2812682
Online Access:http://publicatio.bibl.u-szeged.hu/7873
LEADER 00837nab a2200265 i 4500
001 publ7873
005 20190904122151.0
008 160901s2014 hu o 0|| zxx d
022 |a 0015-3257 
024 7 |a 2812682  |2 mtmt 
040 |a SZTE Publicatio Repozitórium  |b hun 
041 |a zxx 
100 1 |a Utry Noémi 
245 1 0 |a Lézergenerált korom-aeroszolok fotoakusztikus vizsgálata  |h [elektronikus dokumentum] /  |c  Utry Noémi 
260 |c 2014 
300 |a 233-236 
490 0 |a FIZIKAI SZEMLE  |v 64 No. 7-8 
700 0 1 |a Ajtai Tibor  |e aut 
700 0 1 |a Smausz Tomi  |e aut 
700 0 1 |a Kecskeméti Gabriella  |e aut 
700 0 1 |a Tápai Csaba  |e aut 
700 0 1 |a Pintér Máté  |e aut 
700 0 1 |a Hopp Béla  |e aut 
700 0 1 |a Bozóki Zoltán  |e aut 
856 4 0 |u http://publicatio.bibl.u-szeged.hu/7873/7/FizSzemle2014.pdf  |z Dokumentum-elérés